[Event "Women's Speed Chess Q8"]
[Site "chess.com INT"]
[Date "2021.06.06"]
[Round "12"]
[White "Bulmaga, Irina"]
[Black "Gunina, Valentina"]
[Result "0-1"]
[WhiteTitle "IM"]
[BlackTitle "GM"]
[WhiteElo "2440"]
[BlackElo "2436"]
[WhiteFideId "13903063"]
[BlackFideId "4167570"]
[EventDate "2021.06.06"]

1. e4 c6 2. Nf3 d5 3. exd5 cxd5 4. d4 Nc6 5. Bd3 Nf6 6. c3 Bg4 7. Nbd2 e6 8. h3
Bh5 9. O-O Bd6 10. Re1 O-O 11. Nf1 Rc8 12. g4 Bg6 13. Bg5 Re8 14. Ne5 Qc7 15.
Bb5 Ne4 16. Bf4 a6 17. Bxc6 bxc6 18. f3 Nf6 19. b4 Nd7 20. Kg2 Nxe5 21. Bxe5
Bxe5 22. Rxe5 f6 23. Re1 e5 24. Ng3 Re7 25. Qd2 Rce8 26. Nf5 Bxf5 27. gxf5 Qc8
28. Qc2 e4 29. fxe4 Rxe4 30. Rxe4 Rxe4 31. Rf1 Qe8 32. Rf2 Qh5 33. Qd3 Re1 34.
Qg3 h6 35. Qg6 Qd1 36. Kh2 Rh1+ 37. Kg3 Rg1+ 38. Rg2 Qe1+ 39. Kh2 Rh1# 0-1

[Event "Women's Speed Chess Q8"]
[Site "chess.com INT"]
[Date "2021.06.06"]
[Round "12"]
[White "Bivol, Alina"]
[Black "Bodnaruk, Anastasia"]
[Result "0-1"]
[WhiteTitle "WGM"]
[BlackTitle "IM"]
[WhiteElo "2374"]
[BlackElo "2446"]
[WhiteFideId "4100123"]
[BlackFideId "4181751"]
[EventDate "2021.06.06"]

1. e4 c5 2. Nf3 d6 3. Bb5+ Bd7 4. Bxd7+ Qxd7 5. O-O Nf6 6. Nc3 Nc6 7. d4 cxd4 8.
Nxd4 g6 9. Nxc6 bxc6 10. Bf4 Bg7 11. e5 Nh5 12. Bg5 dxe5 13. Qf3 O-O 14. Ne4 f5
15. Nc5 Qd5 16. Qxd5+ cxd5 17. Rad1 d4 18. Bxe7 Rfc8 19. b4 Nf4 20. Nd3 Ne2+ 21.
Kh1 Rxc2 22. f3 Re8 23. Bc5 e4 24. fxe4 fxe4 25. Nf4 Nxf4 26. Rxf4 e3 27. Bxd4
Rd2 0-1

[Event "Women's Speed Chess Q8"]
[Site "chess.com INT"]
[Date "2021.06.06"]
[Round "12"]
[White "Kashlinskaya, Alina"]
[Black "Antolak, Julia"]
[Result "1-0"]
[WhiteTitle "IM"]
[BlackTitle "WIM"]
[WhiteElo "2494"]
[BlackElo "2309"]
[WhiteFideId "4198026"]
[BlackFideId "1159569"]
[EventDate "2021.06.06"]

1. d4 Nf6 2. c4 d6 3. Nf3 Nbd7 4. Nc3 e5 5. e4 g6 6. Be2 Bg7 7. O-O O-O 8. Be3
c6 9. Qc2 Re8 10. Rad1 Qe7 11. d5 c5 12. Ne1 Rf8 13. Nd3 Ne8 14. a3 f5 15. b4 b6
16. Rb1 f4 17. Bd2 g5 18. Bg4 Nef6 19. Be6+ Kh8 20. bxc5 Nxc5 21. Nxc5 dxc5 22.
Bxc8 Raxc8 23. a4 Ne8 24. a5 Nd6 25. axb6 axb6 26. Nb5 g4 27. Nxd6 Qxd6 28. Rb3
f3 29. g3 Qg6 30. Rfb1 Rf6 31. Bc3 Re8 32. Qd3 Qh5 33. Rxb6 Ref8 34. Rxf6 Rxf6
35. Rb8+ Bf8 36. d6 Qh3 37. Qf1 Qh5 38. d7 Rd6 39. Rxf8+ Kg7 40. d8=Q 1-0

[Event "Women's Speed Chess Q8"]
[Site "chess.com INT"]
[Date "2021.06.06"]
[Round "12"]
[White "Gevorgyan, Maria"]
[Black "Perez Rodriguez, Jennifer"]
[Result "1-0"]
[WhiteTitle "WGM"]
[BlackTitle "WIM"]
[WhiteElo "2219"]
[BlackElo "2251"]
[WhiteFideId "13300270"]
[BlackFideId "3507831"]
[EventDate "2021.06.06"]

1. e4 e5 2. Nf3 Nc6 3. d4 exd4 4. Nxd4 Bb4+ 5. Nc3 Nf6 6. Qd3 O-O 7. Bg5 h6 8.
Bh4 g5 9. Bg3 Nxe4 10. O-O-O Bxc3 11. Nxc6 Bxb2+ 12. Kxb2 Qf6+ 13. Nd4 Nxg3 14.
Qxg3 c5 15. h4 d5 16. hxg5 hxg5 17. Qh2 Qg7 18. Bd3 f5 19. Rde1 Qxd4+ 20. c3
Qxf2+ 21. Re2 Qh4 22. Qd6 Qxh1 23. Qg6+ Kh8 24. Re7 1-0

[Event "Women's Speed Chess Q8"]
[Site "chess.com INT"]
[Date "2021.06.06"]
[Round "12"]
[White "Babiy, Olga"]
[Black "Dordzhieva, Dinara"]
[Result "0-1"]
[WhiteTitle "WGM"]
[BlackTitle "WGM"]
[WhiteElo "2280"]
[BlackElo "2311"]
[WhiteFideId "14117258"]
[BlackFideId "24157570"]
[EventDate "2021.06.06"]

1. d4 Nf6 2. Nf3 e6 3. Bf4 d5 4. e3 c5 5. Nbd2 Bd6 6. dxc5 Bxc5 7. Bd3 Nc6 8.
O-O O-O 9. a3 Bd6 10. Bg5 h6 11. Bh4 e5 12. e4 d4 13. Nc4 Bc7 14. Bg3 Re8 15.
Nh4 Bg4 16. f3 Be6 17. Bf2 Qd7 18. Re1 Rad8 19. Nf5 Bxf5 20. exf5 Nd5 21. Bg3 b5
22. Nd2 Ne3 23. Qe2 a6 24. Ne4 Nxf5 25. Nc5 Nxg3 26. hxg3 Qc8 27. Qe4 Bb6 28.
Qh7+ Kf8 29. Ne4 Qe6 30. g4 Qg6 31. Qxg6 fxg6 32. a4 Nb4 33. axb5 axb5 34. Nd2
Re7 35. Re2 Rc8 36. Ne4 Nxc2 37. Rxc2 Rxc2 38. Bxc2 d3+ 39. Kf1 dxc2 40. Rc1 Rc7
41. b3 Be3 0-1

[Event "Women's Speed Chess Q8"]
[Site "chess.com INT"]
[Date "2021.06.06"]
[Round "12"]
[White "Pourkashiyan, Atousa"]
[Black "Varshini, V"]
[Result "1-0"]
[WhiteTitle "WGM"]
[BlackTitle "WGM"]
[WhiteElo "2322"]
[BlackElo "2226"]
[WhiteFideId "12502014"]
[BlackFideId "5091241"]
[EventDate "2021.06.06"]

1. e4 c5 2. Nf3 d6 3. d4 cxd4 4. Nxd4 Nf6 5. Nc3 a6 6. Be2 e6 7. O-O Be7 8. f4
Qc7 9. Be3 b5 10. a3 Bb7 11. Bd3 Nbd7 12. Qf3 Nc5 13. Rae1 O-O 14. Kh1 Rac8 15.
Bg1 Rfd8 16. Qg3 Bf8 17. e5 Nd5 18. Ne4 Nxe4 19. Bxe4 dxe5 20. fxe5 g6 21. c3
Bg7 22. Nf3 Ne7 23. Bd4 Bxe4 24. Rxe4 Nf5 25. Qh3 Qc6 26. Rf4 Rd7 27. Ng5 h6 28.
Ne4 Rcd8 29. Nf6+ Bxf6 30. exf6 h5 31. Rxf5 exf5 32. Qe3 Qd6 33. h3 Kh7 34. Qg5
Qe6 35. Be3 Kg8 36. Bd4 Re8 37. Qh6 1-0

[Event "Women's Speed Chess Q8"]
[Site "chess.com INT"]
[Date "2021.06.06"]
[Round "12"]
[White "Eswaran, Aksithi"]
[Black "Torres Hernandez, Leslie Carolin"]
[Result "0-1"]
[WhiteTitle "WCM"]
[BlackTitle "WFM"]
[WhiteElo "1745"]
[BlackElo "1884"]
[WhiteFideId "2083485"]
[BlackFideId "8400504"]
[EventDate "2021.06.06"]

1. e4 c6 2. d4 d5 3. exd5 cxd5 4. Bd3 Nf6 5. c3 Nc6 6. Bf4 Bg4 7. Qb3 Qc8 8. Nd2
e6 9. Ngf3 Be7 10. O-O O-O 11. h3 Bh5 12. Ne5 Nxe5 13. Bxe5 Nd7 14. Rfe1 Nxe5
15. Rxe5 Bg6 16. Bxg6 hxg6 17. Nf3 Bd6 18. Ree1 a6 19. Qc2 Qd8 20. Ne5 Rc8 21.
Qe2 Qg5 22. Qd3 b5 23. Re3 Bxe5 24. Rxe5 Qf4 25. Rae1 Rc7 26. a3 Rfc8 27. R5e3
Rc4 28. Qe2 a5 29. Rf3 Qh4 30. Rc1 b4 31. axb4 axb4 32. Ra1 bxc3 33. bxc3 Rxc3
34. Rxc3 Rxc3 35. Ra8+ Kh7 36. Qe5 Rc1+ 37. Kh2 Qxf2 38. Qb8 Qg1+ 39. Kg3 Rc3+
40. Kg4 Qxg2+ 41. Kf4 Qf3+ 42. Ke5 Qe4+ 43. Kd6 Qf4+ 44. Ke7 Qxb8 45. Rxb8 Rc7+
46. Kd6 Ra7 47. Ke5 Kh6 48. h4 Kh5 49. Kf4 g5+ 50. hxg5 Kg6 51. Rh8 Ra2 52. Rf8
Rf2+ 53. Kg4 Rf5 54. Kh4 Rxg5 55. Rg8 Rg1 56. Rf8 Rd1 57. Rd8 Rxd4+ 0-1

[Event "Women's Speed Chess Q8"]
[Site "chess.com INT"]
[Date "2021.06.06"]
[Round "12"]
[White "Padmini, Rout"]
[Black "Ouellet, Maili-Jade"]
[Result "1/2-1/2"]
[WhiteTitle "IM"]
[BlackTitle "WGM"]
[WhiteElo "2370"]
[BlackElo "2257"]
[WhiteFideId "5029295"]
[BlackFideId "2620472"]
[EventDate "2021.06.06"]

1. Nf3 d5 2. g3 Nf6 3. Bg2 e6 4. O-O Be7 5. c4 O-O 6. d4 dxc4 7. a4 c5 8. dxc5
Bxc5 9. Ne5 Nbd7 10. Nxc4 Qe7 11. Nc3 Rd8 12. Qc2 Nb6 13. Nxb6 axb6 14. Bf4 Bd7
15. Bxb7 Bxa4 16. Nxa4 Qxb7 17. Nxc5 bxc5 18. Be5 Nd7 19. Bc3 Nb6 20. Qb3 Rab8
21. Ra5 Qc6 22. Qb5 Qxb5 23. Rxb5 Na4 24. Rxb8 Rxb8 25. Be5 Rb4 26. Rd1 f6 27.
Rd8+ Kf7 28. Rd7+ Kg6 29. Bd6 Rd4 30. e3 Rd2 31. Ra7 Rxd6 32. Rxa4 Rd2 33. Rc4
Rxb2 34. Rxc5 Rb4 35. Kg2 Rb6 1/2-1/2

[Event "Women's Speed Chess Q8"]
[Site "chess.com INT"]
[Date "2021.06.06"]
[Round "12"]
[White "Varney, Zoe"]
[Black "Mohota, Nisha"]
[Result "0-1"]
[WhiteTitle "WCM"]
[BlackTitle "IM"]
[WhiteElo "1917"]
[BlackElo "2195"]
[WhiteFideId "436135"]
[BlackFideId "5004330"]
[EventDate "2021.06.06"]

1. e4 e5 2. Nf3 Nc6 3. Bc4 Nf6 4. Ng5 d5 5. exd5 Na5 6. Bb5+ c6 7. dxc6 bxc6 8.
Bd3 Nd5 9. h4 h6 10. Qh5 Qf6 11. Nxf7 Nf4 12. Qxe5+ Kxf7 13. Qxa5 Nxd3+ 14. cxd3
Bd6 15. Nc3 Re8+ 16. Ne4 Bf5 17. f3 Bg3+ 18. Kd1 Bxe4 19. dxe4 Kg8 20. Qc3 Be5
21. Qc4+ Kh8 22. Rb1 Rad8 23. d3 Rd4 24. Qb3 Red8 25. Ke2 Qd6 26. Bg5 Rxd3 27.
Bxd8 Rxb3 28. axb3 Qxd8 29. Rbd1 Qb6 30. Rd2 Bf4 31. Rd7 Qe3+ 32. Kd1 Qc1+ 33.
Ke2 Qxh1 34. Rd8+ Kh7 35. Rd7 Qxg2+ 36. Kd3 Qd2+ 37. Kc4 Qxd7 0-1

[Event "Women's Speed Chess Q8"]
[Site "chess.com INT"]
[Date "2021.06.06"]
[Round "12"]
[White "Zhuravleva, Olga"]
[Black "Obregon Garcia, Roxangel"]
[Result "1-0"]
[WhiteTitle "WIM"]
[BlackTitle "WIM"]
[WhiteElo "2278"]
[BlackElo "2167"]
[WhiteFideId "4145933"]
[BlackFideId "3520420"]
[EventDate "2021.06.06"]

1. e4 c6 2. Nf3 d5 3. Nc3 d4 4. Ne2 c5 5. d3 Nc6 6. g3 e5 7. Bg2 g6 8. O-O Bg7
9. a3 h6 10. Nd2 Nge7 11. f4 O-O 12. Nf3 Kh7 13. Kh1 f5 14. exf5 Nxf5 15. g4 Ne3
16. Bxe3 dxe3 17. f5 gxf5 18. gxf5 Bxf5 19. Ng3 Bg6 20. Re1 Nd4 21. Rxe3 Nf5 22.
Nxf5 Rxf5 23. Qe1 Rh5 24. Qg3 Qf6 25. Rae1 Re8 26. Nd2 Rf8 27. Rf1 Qe7 28. Rxf8
Qxf8 29. Bxb7 Qf4 30. Bg2 Bf5 31. Qxf4 exf4 32. Re7 Kg6 33. Be4 Bxb2 34. Rxa7
Bc3 35. Bxf5+ Kxf5 36. Ne4 Bd4 37. Rf7+ Kg4 38. Kg2 f3+ 39. Rxf3 Rxh2+ 40. Kxh2
Kxf3 41. a4 Ke2 42. a5 Kf3 43. a6 c4 44. Nd2+ Ke3 45. Nxc4+ 1-0

[Event "Women's Speed Chess Q8"]
[Site "chess.com INT"]
[Date "2021.06.06"]
[Round "12"]
[White "Nandhidhaa, P V"]
[Black "Kulon, Klaudia"]
[Result "0-1"]
[WhiteTitle "WGM"]
[BlackTitle "IM"]
[WhiteElo "2365"]
[BlackElo "2363"]
[WhiteFideId "5050847"]
[BlackFideId "1131044"]
[EventDate "2021.06.06"]

1. e4 e5 2. Nc3 Nc6 3. g3 Bc5 4. Bg2 d6 5. d3 f5 6. Nge2 Nf6 7. h3 fxe4 8. Nxe4
Nxe4 9. Bxe4 Qf6 10. Be3 Bxe3 11. fxe3 Be6 12. Qd2 d5 13. Bg2 O-O-O 14. O-O-O
Rhf8 15. Rdf1 Qh6 16. Nc3 Qg5 17. g4 Ne7 18. Na4 b6 19. Nc3 c6 20. Kb1 Ng6 21.
Qe2 Nh4 22. Rhg1 Nxg2 23. Rxg2 Rxf1+ 24. Qxf1 Qxe3 25. Re2 Qg3 26. Nd1 Kc7 27.
Re3 Qh2 28. Qe1 Kd6 29. Qb4+ c5 30. Qe1 Rf8 31. d4 e4 32. dxc5+ bxc5 33. Qa5 Qg1
34. Re1 Qd4 35. Qa6+ Ke5 36. Qxa7 Rf7 37. Qb8+ Kf6 38. Qd8+ Kg6 39. h4 h6 40.
Qd6 Rf6 0-1

[Event "Women's Speed Chess Q8"]
[Site "chess.com INT"]
[Date "2021.06.06"]
[Round "12"]
[White "Tsatsalashvili, Keti"]
[Black "Klinova, Masha"]
[Result "0-1"]
[WhiteTitle "WGM"]
[BlackTitle "IM"]
[WhiteElo "2331"]
[BlackElo "2275"]
[WhiteFideId "13603434"]
[BlackFideId "2802015"]
[EventDate "2021.06.06"]

1. Nf3 g6 2. d4 Bg7 3. c4 Nf6 4. Nc3 d6 5. e4 O-O 6. Be2 Nc6 7. O-O Bg4 8. d5
Nb8 9. h3 Bd7 10. Be3 c6 11. Rc1 a5 12. Nd2 Na6 13. Na4 c5 14. Nc3 Nc7 15. f4 a4
16. e5 Nfe8 17. Nf3 a3 18. b3 Na6 19. Bd3 Nb4 20. Bb1 Nc7 21. Qe2 b5 22. Ne4 Bf5
23. g4 Bxe4 24. Bxe4 bxc4 25. bxc4 Qd7 26. Bf2 Ra4 27. Bg3 Rb8 28. f5 dxe5 29.
Nxe5 Qd8 30. Nxf7 Kxf7 31. fxg6+ Kg8 32. gxh7+ Kh8 33. Rf7 Ne8 34. Rcf1 Nf6 35.
g5 Nxa2 36. gxf6 exf6 37. h4 Nc3 38. Qd3 Rb2 39. Rxg7 Kxg7 40. Bf4 Nxe4 41. Qxe4
Kh8 42. Bh6 Ra7 43. Qg4 Rxh7 44. Bf4 Rg7 0-1

[Event "Women's Speed Chess Q8"]
[Site "chess.com INT"]
[Date "2021.06.06"]
[Round "12"]
[White "Dong, Khanh Linh"]
[Black "Priyanka, K"]
[Result "0-1"]
[WhiteTitle "WCM"]
[BlackTitle "WIM"]
[WhiteElo "1970"]
[BlackElo "2218"]
[WhiteFideId "12403040"]
[BlackFideId "5082986"]
[EventDate "2021.06.06"]

1. d4 Nf6 2. Nf3 g6 3. c4 Bg7 4. Nc3 d6 5. g3 O-O 6. Bg2 Nc6 7. O-O Bg4 8. Rb1
Bxf3 9. Bxf3 Nd7 10. e3 e5 11. d5 Ne7 12. e4 f5 13. Bg5 h6 14. Bd2 Nf6 15. b4 g5
16. Kh1 g4 17. Bg2 f4 18. gxf4 exf4 19. Bxf4 Nxe4 20. Nxe4 Rxf4 21. Rb3 Ng6 22.
Qd2 Qh4 23. Qe3 Raf8 24. Qg3 Qh5 25. Qe3 Be5 26. Ng3 Qh4 27. Kg1 Bd4 28. Qe6+
Kg7 29. Qd7+ R8f7 30. Qc8 Rxf2 31. Rxf2 Bxf2+ 32. Kf1 Bxg3+ 33. Ke2 Qe7+ 34. Kd1
Qe1+ 35. Kc2 Rf2+ 36. Kd3 Ne5+ 37. Kd4 Rf4+ 0-1

[Event "Women's Speed Chess Q8"]
[Site "chess.com INT"]
[Date "2021.06.06"]
[Round "12"]
[White "Petrova, Irina"]
[Black "February, Jesse Nikki"]
[Result "1-0"]
[WhiteTitle "WIM"]
[BlackTitle "WIM"]
[WhiteElo "2110"]
[BlackElo "1863"]
[WhiteFideId "14124122"]
[BlackFideId "14312336"]
[EventDate "2021.06.06"]

1. e4 c5 2. Nf3 Nc6 3. Bb5 g6 4. Bxc6 bxc6 5. O-O Bg7 6. Re1 Nh6 7. c3 O-O 8. d4
cxd4 9. cxd4 f6 10. Nc3 Nf7 11. Be3 d5 12. exd5 cxd5 13. Qb3 e6 14. Rac1 Bd7 15.
Bf4 Re8 16. Na4 e5 17. dxe5 fxe5 18. Bg3 e4 19. Nd2 Rb8 20. Bxb8 Qxb8 21. Nc5
Qxb3 22. Ndxb3 Bb5 23. Rcd1 Bc4 24. Nd4 Rc8 25. Nce6 Be5 26. b3 Bd3 27. f3 Nd8
28. fxe4 Nxe6 29. Nxe6 Bxe4 30. Ng5 Bc3 31. Rf1 Re8 32. Nxe4 dxe4 33. Rf2 e3 34.
Re2 Kf7 35. Rd3 Bd2 36. Kf1 Re7 37. g3 a5 38. Kg2 Rc7 39. Rd5 Rc2 40. Kf3 1-0

[Event "Women's Speed Chess Q8"]
[Site "chess.com INT"]
[Date "2021.06.06"]
[Round "12"]
[White "Von Herman, Brigitte"]
[Black "Hng, Mei-En Emmanuelle"]
[Result "0-1"]
[WhiteTitle "WFM"]
[BlackTitle "WFM"]
[WhiteElo "1991"]
[BlackElo "2013"]
[WhiteFideId "4628730"]
[BlackFideId "5804566"]
[EventDate "2021.06.06"]

1. e4 d6 2. d4 Nf6 3. Bd3 g6 4. Nf3 Bg7 5. O-O O-O 6. Re1 Nc6 7. c3 Bg4 8. h3
Bxf3 9. Qxf3 e5 10. Be3 exd4 11. cxd4 h6 12. Nc3 Re8 13. Rad1 a6 14. a3 Qd7 15.
Bb1 Kh7 16. Bf4 Nh5 17. Be3 Rf8 18. Nd5 Ne7 19. Nxe7 Qxe7 20. Rc1 Rac8 21. Qg4
Nf6 22. Qf3 c5 23. dxc5 dxc5 24. Bf4 Nh5 25. Re2 Nxf4 26. Qxf4 Be5 27. Qg4 Rcd8
28. h4 h5 29. Qf3 Qxh4 30. g3 Qg5 31. Rce1 h4 32. g4 Kg7 33. Kg2 c4 34. Ba2 b5
35. Rh1 Rd3 36. Re3 Rxe3 37. Qxe3 Qxg4+ 38. Kf1 Rd8 39. f3 Qg3 40. Qe2 Bf4 41.
Rg1 Qh3+ 42. Qg2 Rd1+ 43. Ke2 Rd2+ 44. Kf1 Rxg2 45. Rxg2 Qxf3+ 46. Rf2 Qxe4 47.
b3 h3 48. bxc4 bxc4 49. Bb1 Qxb1+ 50. Ke2 h2 0-1

[Event "Women's Speed Chess Q8"]
[Site "chess.com INT"]
[Date "2021.06.06"]
[Round "12"]
[White "Nemcova, Katerina"]
[Black "Eswaran, Ashritha"]
[Result "0-1"]
[WhiteTitle "WGM"]
[BlackTitle "WIM"]
[WhiteElo "2331"]
[BlackElo "2244"]
[WhiteFideId "322750"]
[BlackFideId "2080788"]
[EventDate "2021.06.06"]

1. e4 c5 2. Nf3 a6 3. c4 e6 4. Nc3 d6 5. d4 cxd4 6. Nxd4 Qc7 7. Bd3 Nf6 8. O-O
b6 9. Qe2 Bb7 10. Bg5 Be7 11. Rad1 Nbd7 12. b3 O-O 13. Kh1 Rac8 14. a4 Rfe8 15.
f4 Qb8 16. Bc2 h6 17. Bh4 Nxe4 18. Nxe4 Bxh4 19. Nxd6 Qxd6 20. Qd3 f5 21. Qh3
Bf6 22. Nxf5 Qc6 23. Nxh6+ gxh6 24. Rf3 Bg7 25. Rg3 Nf8 26. f5 exf5 27. Bxf5
Rcd8 28. Rf1 Rd2 29. Qg4 Re7 30. Rgf3 h5 31. Qg5 Rxg2 32. Qxg2 Qxf3 33. Qxf3
Bxf3+ 34. Rxf3 Re2 35. Bd3 Rb2 36. c5 bxc5 37. Bc4+ Kh7 38. Rf5 Kg6 39. Rxc5 Nd7
40. Rc6+ Kg5 41. Rxa6 Be5 42. Ra8 Rxh2+ 43. Kg1 Nf6 44. Rf8 Rd2 45. Kf1 h4 46.
a5 h3 47. Rh8 h2 48. Be2 Ra2 0-1

[Event "Women's Speed Chess Q8"]
[Site "chess.com INT"]
[Date "2021.06.06"]
[Round "12"]
[White "Nikolova, Adriana"]
[Black "Sviridova, Vlada"]
[Result "0-1"]
[WhiteTitle "WGM"]
[BlackTitle "WFM"]
[WhiteElo "2243"]
[BlackElo "2144"]
[WhiteFideId "2908689"]
[BlackFideId "24109606"]
[EventDate "2021.06.06"]

1. e4 e6 2. d4 d5 3. Nd2 c5 4. exd5 Qxd5 5. Ngf3 cxd4 6. Bc4 Qd7 7. O-O Nc6 8.
Nb3 a6 9. Nbxd4 Nxd4 10. Nxd4 Qc7 11. Bb3 Bd6 12. h3 Ne7 13. c3 O-O 14. Qf3 Rb8
15. Bc2 b6 16. Qd3 Ng6 17. h4 h5 18. f4 Rd8 19. Kh1 Qe7 20. g3 Bb7+ 21. Kh2 Bc5
22. Qe2 Bxd4 23. cxd4 Ba8 24. Qxh5 Qb7 25. Qe2 Rxd4 26. Bxg6 fxg6 27. Qxe6+ Kh7
28. Qe2 Re8 29. Qf2 Rde4 30. Kh3 Re2 31. Qg1 Qd7+ 32. f5 Bg2+ 33. Qxg2 Rxg2 34.
Kxg2 Re2+ 35. Rf2 Qd5+ 36. Kg1 Re1+ 37. Rf1 Qd4+ 38. Kg2 Qe4+ 39. Kg1 gxf5 40.
Rxe1 Qxe1+ 41. Kg2 Kg6 42. b3 Kh5 43. Kh2 g6 44. a4 Kg4 45. b4 Qxg3+ 46. Kh1
Qf3+ 47. Kg1 Qd1+ 48. Kg2 Qd5+ 49. Kf1 Qc4+ 50. Kg2 Qc2+ 51. Kf1 f4 52. Ke1 f3
53. Kf1 Qe2+ 54. Kg1 Qg2# 0-1

[Event "Women's Speed Chess Q8"]
[Site "chess.com INT"]
[Date "2021.06.06"]
[Round "12"]
[White "Matveeva, Olga"]
[Black "Fominykh, Maria"]
[Result "1/2-1/2"]
[WhiteTitle "WIM"]
[BlackTitle "WGM"]
[WhiteElo "2145"]
[BlackElo "2206"]
[WhiteFideId "24107018"]
[BlackFideId "4142411"]
[EventDate "2021.06.06"]

1. d4 d6 2. Nf3 Nf6 3. c4 g6 4. g3 Bg7 5. Bg2 O-O 6. O-O Nc6 7. Nc3 Bd7 8. e4 e5
9. d5 Ne7 10. Ne1 Ne8 11. Nd3 c5 12. f4 exf4 13. Bxf4 f5 14. e5 dxe5 15. Bxe5
Bxe5 16. Nxe5 Nd6 17. Qd2 Be8 18. Rae1 Bf7 19. b3 b6 20. Qh6 Kh8 21. Ne2 Ng8 22.
Qc1 Nf6 23. Nf4 Qc7 24. Qb2 Bg8 25. Ne6 Bxe6 26. dxe6 Rae8 27. Nf7+ Kg7 28. Bd5
Qe7 29. g4 fxg4 30. Rxf6 Qxf6 31. Qxf6+ Kxf6 32. Nxd6 Re7 33. Rf1+ Kg7 34. Rf7+
Rfxf7 35. Nxf7 h5 36. Kf2 h4 37. Ke3 Kf6 38. Kf4 g3 39. hxg3 hxg3 40. Kxg3 a6
41. Kg4 b5 42. cxb5 axb5 43. a4 bxa4 44. bxa4 Ra7 45. Bc6 Kxe6 46. Nd8+ Kd6 47.
Bb5 c4 48. Kf4 c3 49. Ke3 Kc5 50. Kd3 g5 51. Ne6+ Kb4 52. Nxg5 Kb3 53. Ne4 c2
54. Nd2+ Kb2 55. Nc4+ Kb1 56. Nd2+ Kb2 57. Nc4+ Kb3 58. Nd2+ Kb2 1/2-1/2

[Event "Women's Speed Chess Q8"]
[Site "chess.com INT"]
[Date "2021.06.06"]
[Round "12"]
[White "Kanyamarala, Trisha"]
[Black "Agrest, Inna"]
[Result "0-1"]
[WhiteTitle "WIM"]
[BlackTitle "WIM"]
[WhiteElo "2180"]
[BlackElo "2285"]
[WhiteFideId "45004722"]
[BlackFideId "1708830"]
[EventDate "2021.06.06"]

1. e4 e5 2. Nf3 Nc6 3. Bc4 Nf6 4. d3 Bc5 5. O-O a6 6. c3 Ba7 7. a4 d6 8. h3 h6
9. Re1 O-O 10. d4 Qe7 11. Qd3 Nh5 12. Be3 Qf6 13. Nbd2 Nf4 14. Bxf4 Qxf4 15. Nf1
exd4 16. cxd4 Nb4 17. Qc3 a5 18. Ng3 d5 19. exd5 Bf5 20. Re5 Bg6 21. Rae1 Nc2
22. Rd1 Rae8 23. Rxe8 Rxe8 24. Bb3 Nb4 25. Ne5 Rxe5 26. dxe5 Bxf2+ 27. Kh1 Bxg3
28. d6 cxd6 29. exd6 Nc6 30. d7 Qg5 31. Bd5 Bc7 32. Bxc6 bxc6 33. Qxc6 Bd8 34.
Qc8 Kh7 35. Re1 Bf6 36. Qc1 Qg3 37. Qe3 Qc7 38. Rd1 Qd8 39. Qd2 Bg5 40. Qc3 Bf6
41. Qc8 Bg5 42. b3 Bf5 43. Rd4 Bf6 44. Qxd8 Bxd8 45. Rd5 Be6 46. Rb5 Bf6 47. Rb8
Bxd7 48. Ra8 Bc3 49. Ra7 Be6 50. Kg1 Bxb3 51. Kf1 Bc4+ 52. Kf2 Bd4+ 0-1

[Event "Women's Speed Chess Q8"]
[Site "chess.com INT"]
[Date "2021.06.06"]
[Round "12"]
[White "Socko, Monika"]
[Black "Papp, Petra"]
[Result "1/2-1/2"]
[WhiteTitle "GM"]
[BlackTitle "WGM"]
[WhiteElo "2393"]
[BlackElo "2336"]
[WhiteFideId "1106619"]
[BlackFideId "739049"]
[EventDate "2021.06.06"]

1. d4 Nf6 2. c4 g6 3. Nf3 Bg7 4. g3 O-O 5. Bg2 d6 6. O-O Nc6 7. Nc3 e5 8. d5 Nb8
9. e4 a5 10. Ne1 Na6 11. Nd3 Nd7 12. Be3 b6 13. Qd2 Nac5 14. Nxc5 Nxc5 15. Rae1
f5 16. f4 fxe4 17. Nxe4 Nxe4 18. Bxe4 Bh3 19. Bg2 Qd7 20. fxe5 Bxe5 21. Bh6 Bxg2
22. Kxg2 Bg7 23. Bg5 Be5 24. b3 a4 25. Qe3 axb3 26. axb3 Qg7 27. Rxf8+ Qxf8 28.
Re2 Bg7 29. Qe6+ Kh8 30. Rf2 Qe8 31. Qxe8+ Rxe8 32. Rf7 h6 33. Bd2 Kg8 34. Rf3
h5 35. Re3 Ra8 36. Kf3 Ra2 37. Be1 Kf7 38. h3 Be5 39. Bc3 Bxc3 40. Rxc3 Kf6 41.
Re3 Rc2 42. Ke4 g5 43. Kd4 g4 44. hxg4 hxg4 45. Re8 Rg2 46. Rc8 Rxg3 47. Rxc7
Rxb3 48. Rd7 g3 49. Rxd6+ Kf5 50. Rd8 Kg4 51. Rg8+ Kf3 52. d6 Rb1 53. Kd5 g2 54.
Kc6 Rc1 55. Kb5 Rb1+ 56. Kc6 Rc1 57. Rf8+ Ke4 58. Re8+ Kf3 59. Rf8+ Ke4 60. Rg8
Rxc4+ 61. Kxb6 Rd4 62. Kc7 Rd2 63. d7 Kf3 64. Rf8+ Ke3 65. Re8+ Kf3 66. Rg8
Rxd7+ 67. Kxd7 Kf2 68. Ke6 g1=Q 69. Rxg1 Kxg1 1/2-1/2

[Event "Women's Speed Chess Q8"]
[Site "chess.com INT"]
[Date "2021.06.06"]
[Round "12"]
[White "Pandey, Srishti"]
[Black "Linares Napoles, Oleiny"]
[Result "1-0"]
[WhiteTitle "WFM"]
[BlackTitle "WGM"]
[WhiteElo "2026"]
[BlackElo "2255"]
[WhiteFideId "35093290"]
[BlackFideId "3504794"]
[EventDate "2021.06.06"]

1. e4 d6 2. d4 Nf6 3. Nc3 g6 4. Nf3 Bg7 5. Be2 O-O 6. O-O Bg4 7. Be3 Nc6 8. Nd2
Bxe2 9. Qxe2 e5 10. d5 Nd4 11. Qd3 Nd7 12. b4 f5 13. f3 a6 14. Ne2 Nxe2+ 15.
Qxe2 f4 16. Bf2 g5 17. c4 Nf6 18. c5 Qe8 19. cxd6 cxd6 20. Nc4 Rd8 21. Na5 Rd7
22. Rfc1 Qg6 23. Bb6 g4 24. Rc4 gxf3 25. Qxf3 Ng4 26. h3 Nf6 27. Rac1 Rdf7 28.
Nb3 Bh6 29. Nd2 Rg7 30. Rc7 Rxc7 31. Bxc7 Nd7 32. a4 Rc8 33. Nb3 Nf6 34. Bxd6
Rxc1+ 35. Nxc1 Nxe4 36. Bxe5 Qb6+ 37. Kh2 Qxb4 38. Qg4+ Bg5 39. Qe6+ Kf8 40.
Qf5+ Ke8 41. Nd3 Qc4 42. Qe6+ Kd8 43. Nb2 Qe2 44. Bd4 Be7 45. Bb6+ Ke8 46. d6
Ng3 47. Qxe7+ Qxe7 48. dxe7 Kxe7 49. Nd3 Ne2 50. Bc7 b5 51. axb5 axb5 52. Nxf4
Nd4 53. Nd3 Ke6 54. Kg3 Kd5 55. Kf2 Kc4 56. Ne5+ 1-0